000 00314nam a2200133Ia 4500
100 _aGarud/G.N/ Jain/L.C
942 _cBK
654 _adevices
245 _aElectronic devices and Linear Circuits
260 _bTata Mc Graw hill
_aNew Delhi
_c1987
082 _a621.381
_bGAR
300 _a483
546 _aENGLISH
999 _c32152
_d32152